Economics of the mortgage market : perspectives on household decision making

Bibliographic Details
Main Author: Leece, David
Format: Book
Published: Oxford : Blackwell Publishing , 2004
Subjects:

MARC

LEADER 00000cam a2200000 7i4500
001 0000016273
005 20220629.0
020 |a 1405114614 
040 |a INS 
090 0 0 |a HG2040.15   |b L44 2004 
100 1 |a Leece, David 
245 1 0 |a Economics of the mortgage market :   |b perspectives on household decision making   |c David Leece 
260 |a Oxford :   |b Blackwell Publishing ,   |c 2004 
300 |a x, 258p. ;   |c 24cm. 
650 0 0 |a Housing   |x Finance 
650 0 0 |a Mortgage loans 
650 0 0 |a Mortgages 
999 |a 0000016289   |b BOOK   |c Open Shelf   |e Default branch 
999 |a 0000016290   |b BOOK   |c Open Shelf   |e Default branch 
999 |a 1000000297   |b BOOK   |c Open Shelf   |e Default branch